[Event "LAT-ch (Women)"]
[Site "Riga"]
[Date "2023.05.04"]
[Round "8"]
[White "Otikova, Elina"]
[Black "Vidruska, Renate"]
[Result "1/2-1/2"]
[WhiteElo "2093"]
[BlackElo "1983"]
[PlyCount "94"]
[EventDate "2023.04.29"]
[EventType "swiss"]
[EventRounds "9"]
[EventCountry "LAT"]
[SourceTitle "EXT 2024"]
[Source "ChessBase"]
[SourceDate "2023.10.10"]
[SourceVersion "1"]
[SourceVersionDate "2023.10.10"]
[SourceQuality "1"]

1. e4 e5 2. Nf3 Nc6 3. Bb5 a6 4. Ba4 Nf6 5. 0-0 Be7 6. Re1 b5 7. Bb3 0-0 8. a4 Bb7 9. c3 d6 10. d3 Nd7 11. Be3 Na5 12. Ba2 c5 13. Na3 bxa4 14. Qxa4 Bc6 15. Qc2 Rc8 16. Nc4 Nxc4 17. Bxc4 a5 18. Bb3 Ra8 19. Ba4 Qc7 20. d4 Bxa4 21. Qxa4 Bf6 22. dxc5 Nxc5 23. Bxc5 Qxc5 24. Red1 Rab8 25. Rd5 Qb6 26. Ra2 Rfc8 27. h3 Qa6 28. Rxa5 Qe2 29. Ra8 h5 30. Rxb8 Rxb8 31. Qc6 Rxb2 32. Qc8+ Kh7 33. Rxb2 Qxb2 34. Qf5+ Kg8 35. c4 Qc1+ 36. Kh2 Qxc4 37. h4 Be7 38. Ng5 Bxg5 39. hxg5 Qe6 40. Qf3 g6 41. g3 Kg7 42. Kg2 f6 43. Qe3 fxg5 44. Qxg5 d5 45. exd5 Qxd5+ 46. Kg1 Qe6 47. Kg2 Qc6+ 1/2-1/2

[Event "LAT-ch (Women)"]
[Site "Riga"]
[Date "2023.04.30"]
[Round "3"]
[White "Kuznecova, Marija"]
[Black "Otikova, Elina"]
[Result "1/2-1/2"]
[WhiteElo "1987"]
[BlackElo "2093"]
[PlyCount "38"]
[EventDate "2023.04.29"]
[EventType "swiss"]
[EventRounds "9"]
[EventCountry "LAT"]
[SourceTitle "EXT 2024"]
[Source "ChessBase"]
[SourceDate "2023.10.10"]
[SourceVersion "1"]
[SourceVersionDate "2023.10.10"]
[SourceQuality "1"]

1. e4 e5 2. Nf3 Nc6 3. Nc3 Nf6 4. d4 exd4 5. Nxd4 Bb4 6. Nxc6 bxc6 7. Bd3 d5 8. Bd2 0-0 9. 0-0 Re8 10. Nxd5 cxd5 11. Bxb4 a5 12. e5 axb4 13. exf6 Qxf6 14. Qh5 g6 15. Qxd5 Be6 16. Qc5 Qxb2 17. Rab1 Qc3 18. Qxb4 Qxb4 19. Rxb4 Rxa2 1/2-1/2

[Event "BL 2122 (Women)"]
[Site "Germany"]
[Date "2022.05.29"]
[Round "11.3"]
[White "Otikova, Elina"]
[Black "Gaal, Zsoka"]
[Result "0-1"]
[WhiteElo "2090"]
[BlackElo "2323"]
[PlyCount "108"]
[EventDate "2021.11.27"]
[EventType "team-tourn"]
[EventRounds "11"]
[EventCountry "GER"]
[SourceTitle "EXT 2023"]
[Source "ChessBase"]
[SourceDate "2022.10.05"]
[SourceVersion "1"]
[SourceVersionDate "2022.10.05"]
[SourceQuality "1"]
[WhiteTeam "Loeberitz (W)"]
[BlackTeam "Hamburger SK (W)"]
[WhiteTeamCountry "GER"]
[BlackTeamCountry "GER"]

1. e4 c6 2. d4 d5 3. Nd2 dxe4 4. Nxe4 Nf6 5. Nxf6+ exf6 6. c3 Bd6 7. Bd3 0-0 8. Ne2 Re8 9. h3 Nd7 10. 0-0 Nf8 11. Be3 Ng6 12. Qc2 Bc7 13. Rfe1 Be6 14. Rad1 Qd7 15. Bxg6 hxg6 16. Bf4 g5 17. Bxc7 Qxc7 18. Ng3 g6 19. c4 Qa5 20. b3 Rad8 21. Qb2 Kg7 22. b4 Qa4 23. Ne4 Bxc4 24. Nxf6 Rxe1+ 25. Rxe1 Qxa2 26. Qc3 Qb3 27. Qa1 Bd5 28. Nxd5 Rxd5 29. Rb1 Qc2 30. Re1 Qd2 31. Rd1 Qxb4 32. Qxa7 b6 33. Qa1 b5 34. Rc1 Qa4 35. Qxa4 bxa4 36. Rxc6 Rxd4 37. Ra6 Kf8 38. Ra7 Rd1+ 39. Kh2 Ra1 40. Ra5 f6 41. Ra7 a3 42. g4 Ke8 43. Kg2 Kd8 44. Kh2 Kc8 45. Rf7 Rc1 46. Ra7 Rc3 47. Ra4 Kb7 48. f4 Kb6 49. fxg5 fxg5 50. Kg2 Kb5 51. Ra8 Kb4 52. Rb8+ Kc4 53. Kh2 a2 54. Ra8 Kb3 0-1

[Event "BL 2122 (Women)"]
[Site "Germany"]
[Date "2022.04.10"]
[Round "8.4"]
[White "Otikova, Elina"]
[Black "Heinemann, Josefine"]
[Result "0-1"]
[WhiteElo "2090"]
[BlackElo "2300"]
[PlyCount "86"]
[EventDate "2021.11.27"]
[EventType "team-tourn"]
[EventRounds "11"]
[EventCountry "GER"]
[SourceTitle "EXT 2023"]
[Source "ChessBase"]
[SourceDate "2022.10.05"]
[SourceVersion "1"]
[SourceVersionDate "2022.10.05"]
[SourceQuality "1"]
[WhiteTeam "Loeberitz (W)"]
[BlackTeam "Baden-Baden (W)"]
[WhiteTeamCountry "GER"]
[BlackTeamCountry "GER"]

1. e4 c5 2. Nf3 d6 3. d4 cxd4 4. Nxd4 Nf6 5. Nc3 a6 6. Be2 e5 7. Nb3 Be7 8. 0-0 0-0 9. Re1 Be6 10. Bf1 Nbd7 11. h3 b5 12. Bg5 Qc7 13. Bxf6 Nxf6 14. Nd5 Bxd5 15. exd5 Rac8 16. c4 bxc4 17. Rc1 Qb7 18. Bxc4 Bd8 19. Qe2 Ra8 20. Rc3 a5 21. a4 Qb4 22. Ra1 Bb6 23. Nc1 Bd4 24. Rb3 Qc5 25. Rb5 Bxf2+ 26. Kf1 Qd4 27. Qxf2 Qxc4+ 28. Qe2 Qf4+ 29. Qf2 Qg5 30. Nb3 Rfc8 31. Re1 Rc4 32. Kg1 h6 33. Nxa5 Rxa4 34. Nb7 Ne4 35. Rxe4 Rxe4 36. Nxd6 Rf4 37. Qe1 Rfa4 38. Qf2 Ra1+ 39. Kh2 Qf4+ 40. Qxf4 exf4 41. Nf5 Rf1 42. g3 Rf2+ 43. Kg1 Rd2 0-1

[Event "Oberliga Ost-A 1920"]
[Site "Germany"]
[Date "2020.03.01"]
[Round "9.6"]
[White "Boehm, Robert"]
[Black "Otikova, Elina"]
[Result "1/2-1/2"]
[WhiteElo "2161"]
[BlackElo "2090"]
[PlyCount "56"]
[EventDate "2019.09.29"]
[EventType "team-tourn"]
[EventRounds "11"]
[EventCountry "GER"]
[SourceTitle "EXT 2023"]
[Source "ChessBase"]
[SourceDate "2022.10.05"]
[SourceVersion "1"]
[SourceVersionDate "2022.10.05"]
[SourceQuality "1"]
[WhiteTeam "Hoyerswerda"]
[BlackTeam "Loeberitz"]
[WhiteTeamCountry "GER"]
[BlackTeamCountry "GER"]

1. d4 d5 2. Nf3 Nf6 3. c4 e6 4. g3 dxc4 5. Qa4+ Nbd7 6. Bg2 a6 7. Qxc4 b5 8. Qc6 Rb8 9. Bf4 Nd5 10. Bg5 Be7 11. Bxe7 Qxe7 12. Nc3 Nb4 13. Qe4 Bb7 14. Qb1 c5 15. dxc5 Nxc5 16. 0-0 0-0 17. a3 Nd5 18. Nxd5 Bxd5 19. b4 Ne4 20. Qb2 Nd6 21. Ne5 Bxg2 22. Kxg2 f6 23. Nd3 Nc4 24. Qa2 Rfd8 25. Rfd1 Rd6 26. Nb2 Nxb2 27. Rxd6 Qxd6 28. Qxb2 Rd8 1/2-1/2

[Event "BL2 Ost 1920 (Women)"]
[Site "Germany"]
[Date "2020.02.15"]
[Round "6.3"]
[White "Kaden, Romy"]
[Black "Otikova, Elina"]
[Result "0-1"]
[WhiteElo "1862"]
[BlackElo "2105"]
[PlyCount "92"]
[EventDate "2019.09.14"]
[EventType "team-tourn"]
[EventRounds "7"]
[EventCountry "GER"]
[SourceTitle "EXT 2021"]
[Source "ChessBase"]
[SourceDate "2020.10.23"]
[SourceVersion "1"]
[SourceVersionDate "2020.10.23"]
[SourceQuality "1"]
[WhiteTeam "Chemnitz Aufbau (W)"]
[BlackTeam "Loeberitz (W)"]
[WhiteTeamCountry "GER"]
[BlackTeamCountry "GER"]

1. e4 e5 2. Nf3 Nc6 3. d4 exd4 4. Nxd4 Nf6 5. Nxc6 bxc6 6. Bd3 d5 7. exd5 cxd5 8. 0-0 Be7 9. Nc3 0-0 10. Bf4 c6 11. h3 Be6 12. Ne2 c5 13. c3 Qb6 14. Qd2 Rfd8 15. b3 Rac8 16. Rac1 a5 17. Bg5 c4 18. Bc2 Ne4 19. Bxe4 dxe4 20. Nd4 f6 21. Be3 Bc5 22. Qc2 cxb3 23. axb3 Bxd4 24. Bxd4 Rxd4 25. Qe2 Rd3 26. Qxe4 Rdxc3 27. Rxc3 Rxc3 28. Re1 Rc6 29. Kf1 Qb5+ 30. Kg1 Qd5 31. Qa4 Rc8 32. b4 axb4 33. Qxb4 Bf7 34. Rb1 h6 35. Qb2 Bg6 36. Ra1 Be4 37. f3 Bg6 38. Rc1 Rxc1+ 39. Qxc1 Kh7 40. Qe3 Qd3 41. Qf2 f5 42. f4 Bf7 43. Kh2 Bd5 44. Qh4 Qd2 45. Qg3 Bxg2 46. Qxg2 Qxf4+ 0-1

[Event "Sachsen-Anhalt Verbandsliga 18/19"]
[Site "Sachsen Anhalt"]
[Date "2018.12.16"]
[Round "4.3"]
[White "Otikova, Elina"]
[Black "Zeuner, Michael"]
[Result "0-1"]
[WhiteElo "2083"]
[BlackElo "2120"]
[PlyCount "120"]
[EventDate "2018.10.21"]
[EventType "team-tourn"]
[EventRounds "9"]
[EventCountry "GER"]
[SourceTitle "EXT 2022"]
[Source "ChessBase"]
[SourceDate "2021.10.06"]
[SourceVersion "1"]
[SourceVersionDate "2021.10.06"]
[SourceQuality "1"]
[WhiteTeam "Loeberitz II"]
[BlackTeam "Magdeburg Aufbau Elbe III"]
[WhiteTeamCountry "GER"]
[BlackTeamCountry "GER"]

1. e4 e5 2. Nf3 Nc6 3. Bb5 Nd4 4. Nxd4 exd4 5. d3 Be7 6. Qf3 Bg5 7. Bc4 Nh6 8. Nd2 Qf6 9. Qxf6 Bxf6 10. h3 d6 11. 0-0 g5 12. Nf3 Rg8 13. e5 dxe5 14. Re1 Be6 15. Nxe5 0-0-0 16. g4 Bxc4 17. Nxc4 Rge8 18. Bd2 Ng8 19. f4 gxf4 20. Bxf4 Bh4 21. Re5 Nf6 22. Rf1 h5 23. Rxe8 Rxe8 24. g5 Nd5 25. Bh2 Re2 26. Rxf7 b5 27. Ne5 Ne3 28. Nf3 Rxc2 29. Nxh4 Rc1+ 30. Kf2 Rf1+ 31. Ke2 Rxf7 32. g6 Re7 33. Kf3 Kd7 34. Kf4 c5 35. b3 Nd5+ 36. Kg5 Re2 37. g7 Ne7 38. Bf4 Ke6 39. Kh6 c4 40. bxc4 bxc4 41. Kh7 cxd3 42. Bg5 d2 43. Bxe7 Kxe7 44. g8Q d1Q 45. Ng6+ Kd6 46. Qb8+ Kc6 47. Qxa7 Qd3 48. a4 Qc4 49. Qa8+ Kc5 50. Qf8+ Kb6 51. Qb8+ Ka5 52. Qa7+ Kb4 53. a5 Kc3 54. Qg7 Rg2 55. Qb7 Rb2 56. Qf3+ d3 57. Qf6+ Kc2 58. Qf5 Rb5 59. Qf1 Rxa5 60. Kh6 Qe6 0-1

[Event "Sachsen-Anhalt Verbandsliga 18/19"]
[Site "Sachsen Anhalt"]
[Date "2018.11.25"]
[Round "3.3"]
[White "Henning, Marvin"]
[Black "Otikova, Elina"]
[Result "1/2-1/2"]
[WhiteElo "1988"]
[BlackElo "2081"]
[PlyCount "69"]
[EventDate "2018.10.21"]
[EventType "team-tourn"]
[EventRounds "9"]
[EventCountry "GER"]
[SourceTitle "EXT 2022"]
[Source "ChessBase"]
[SourceDate "2021.10.06"]
[SourceVersion "1"]
[SourceVersionDate "2021.10.06"]
[SourceQuality "1"]
[WhiteTeam "Reideburg 90 Halle"]
[BlackTeam "Loeberitz II"]
[WhiteTeamCountry "GER"]
[BlackTeamCountry "GER"]

1. e4 e5 2. Nf3 Nc6 3. Bb5 a6 4. Ba4 Nf6 5. 0-0 Be7 6. d3 b5 7. Bb3 d6 8. h3 Na5 9. Nbd2 0-0 10. Re1 c5 11. c4 Nxb3 12. axb3 Bd7 13. Nf1 Qb6 14. Bd2 Rfb8 15. Bc3 a5 16. Ne3 a4 17. bxa4 bxa4 18. Ra3 Bd8 19. Qc2 Qc6 20. Rea1 Qb7 21. Qd2 Ra6 22. Nd1 Nh5 23. Ne3 Nf4 24. h4 Ne6 25. Nd5 Nd4 26. Bxd4 exd4 27. R3a2 Qb3 28. e5 dxe5 29. Nxe5 Be6 30. Qf4 Rba8 31. Qe4 f6 32. Nc6 Bf7 33. Ra3 Qxb2 34. R3a2 Qb3 35. Ra3 1/2-1/2

[Event "Olympiad Women-43"]
[Site "Batumi"]
[Date "2018.10.02"]
[Round "8.3"]
[White "Otikova, Elina"]
[Black "Ivekovic, Tihana"]
[Result "1-0"]
[WhiteElo "2123"]
[BlackElo "2114"]
[PlyCount "75"]
[EventDate "2018.09.24"]
[EventType "team-swiss"]
[EventRounds "11"]
[EventCountry "GEO"]
[SourceTitle "EXT 2020"]
[Source "ChessBase"]
[SourceDate "2019.10.17"]
[SourceVersion "1"]
[SourceVersionDate "2019.10.17"]
[SourceQuality "1"]
[WhiteTeam "Latvia (W)"]
[BlackTeam "Croatia (W)"]
[WhiteTeamCountry "LAT"]
[BlackTeamCountry "CRO"]

1. e4 c5 2. Nf3 e6 3. d4 cxd4 4. Nxd4 a6 5. Nc3 Qc7 6. Bd3 Nf6 7. f4 d6 8. Qf3 g6 9. Be3 Bg7 10. 0-0-0 0-0 11. h3 Nbd7 12. Nde2 Re8 13. g4 b5 14. Ng3 Nb6 15. Bd4 b4 16. Nce2 e5 17. Bxb6 Qxb6 18. g5 Nd7 19. f5 Qc5 20. h4 Nb6 21. h5 Ra7 22. Rdf1 Qc7 23. Qf2 Bf8 24. Qh2 gxf5 25. Nxf5 Bxf5 26. Rxf5 Bg7 27. Kb1 a5 28. g6 fxg6 29. hxg6 h6 30. Rf7 Re7 31. Rxg7+ Rxg7 32. Qxh6 Kf8 33. Rf1+ Kg8 34. Rh1 Kf8 35. Qh8+ Rg8 36. Rf1+ Qf7 37. Rxf7+ Rxf7 38. Qxg8+ 1-0

[Event "Olympiad Women-43"]
[Site "Batumi"]
[Date "2018.10.01"]
[Round "7.16"]
[White "Latreche, Sabrina"]
[Black "Otikova, Elina"]
[Result "1-0"]
[WhiteElo "2056"]
[BlackElo "2123"]
[PlyCount "127"]
[EventDate "2018.09.24"]
[EventType "team-swiss"]
[EventRounds "11"]
[EventCountry "GEO"]
[SourceTitle "EXT 2020"]
[Source "ChessBase"]
[SourceDate "2019.10.17"]
[SourceVersion "1"]
[SourceVersionDate "2019.10.17"]
[SourceQuality "1"]
[WhiteTeam "Algeria (W)"]
[BlackTeam "Latvia (W)"]
[WhiteTeamCountry "ALG"]
[BlackTeamCountry "LAT"]

1. e4 e5 2. Nf3 Nc6 3. d4 exd4 4. Nxd4 Nf6 5. Nc3 Bb4 6. Nxc6 bxc6 7. Bd3 0-0 8. 0-0 d5 9. exd5 cxd5 10. Bg5 c6 11. Qf3 Be7 12. h3 h6 13. Bf4 Bd6 14. Rfe1 Rb8 15. Rab1 Be6 16. Ne2 c5 17. Ng3 Bxf4 18. Qxf4 Rb4 19. Qd2 Qb8 20. c3 Rb6 21. Bf5 Rd8 22. Re2 d4 23. Bxe6 fxe6 24. c4 d3 25. Re3 Qf4 26. b3 e5 27. Rd1 Rbd6 28. Qa5 h5 29. Qxc5 h4 30. Rf3 Qd4 31. Qxd4 Rxd4 32. Nf5 R4d7 33. Re3 e4 34. Nxh4 a5 35. g4 g5 36. Nf5 a4 37. f3 axb3 38. axb3 exf3 39. Rxf3 d2 40. Re3 Ra8 41. Kf2 Ra2 42. Ke2 Rb2 43. Ne7+ Kf7 44. Nc6 Rb7 45. b4 R7xb4 46. Nxb4 Rxb4 47. Kd3 Nd7 48. Kc3 Ra4 49. Rxd2 Nb6 50. Rf2+ Kg7 51. Re7+ Kg8 52. Re4 Kg7 53. Kb3 Ra1 54. Re7+ Kg8 55. Re6 Rb1+ 56. Kc2 Rb4 57. Rc6 Rxc4+ 58. Rxc4 Nxc4 59. Kd3 Nd6 60. Rf6 Nf7 61. Ke4 Nh8 62. Kf5 Kg7 63. Kxg5 Kh7 64. Rh6+ 1-0

[Event "Olympiad Women-43"]
[Site "Batumi"]
[Date "2018.09.25"]
[Round "2.25"]
[White "Zhang, Jilin"]
[Black "Otikova, Elina"]
[Result "1/2-1/2"]
[WhiteElo "2224"]
[BlackElo "2123"]
[PlyCount "80"]
[EventDate "2018.09.24"]
[EventType "team-swiss"]
[EventRounds "11"]
[EventCountry "GEO"]
[SourceTitle "EXT 2020"]
[Source "ChessBase"]
[SourceDate "2019.10.17"]
[SourceVersion "1"]
[SourceVersionDate "2019.10.17"]
[SourceQuality "1"]
[WhiteTeam "Australia (W)"]
[BlackTeam "Latvia (W)"]
[WhiteTeamCountry "AUS"]
[BlackTeamCountry "LAT"]

1. e4 e5 2. Nf3 Nc6 3. d4 exd4 4. Nxd4 Nf6 5. Nxc6 bxc6 6. e5 Qe7 7. Qe2 Nd5 8. c4 Ba6 9. Nd2 Nb4 10. Nf3 c5 11. g3 Qe6 12. b3 Qg6 13. Nh4 Qc2 14. Bb2 Bb7 15. f3 Be7 16. Rd1 Bxh4 17. gxh4 Qf5 18. Bg2 0-0 19. 0-0 Rfe8 20. Qf2 Rab8 21. Ba1 Nc2 22. Bc3 d6 23. Rd2 Nb4 24. exd6 cxd6 25. Qg3 f6 26. Rxd6 Kh8 27. Bh3 Qc2 28. Rd7 Qg6 29. Qxg6 hxg6 30. Rd2 Re3 31. Bxb4 cxb4 32. Bg2 a5 33. f4 a4 34. bxa4 Ra3 35. c5 Bxg2 36. Kxg2 Rc3 37. f5 gxf5 38. Rxf5 Ra8 39. c6 Rxc6 40. a5 Rca6 1/2-1/2

[Event "Leipzig VfB op 25th"]
[Site "Leipzig"]
[Date "2018.03.24"]
[Round "8"]
[White "Haufe, Laurin"]
[Black "Otikova, Elina"]
[Result "0-1"]
[WhiteElo "1703"]
[BlackElo "2081"]
[PlyCount "60"]
[EventDate "2018.03.20"]
[EventType "swiss"]
[EventRounds "9"]
[EventCountry "GER"]
[SourceTitle "CBM 183 Extra"]
[Source "ChessBase"]
[SourceDate "2018.04.19"]
[SourceVersion "1"]
[SourceVersionDate "2018.04.19"]
[SourceQuality "1"]

1. e4 e5 2. Nf3 Nc6 3. d4 exd4 4. Nxd4 Nf6 5. Nxc6 bxc6 6. e5 Qe7 7. Qe2 Nd5 8. c4 Ba6 9. b3 g6 10. Ba3 c5 11. Qe4 Nb6 12. Nc3 Bg7 13. f4 0-0 14. Nd5 Nxd5 15. Qxd5 d6 16. 0-0-0 Rad8 17. Qc6 Bc8 18. g3 f6 19. exd6 cxd6 20. Bg2 Qe3+ 21. Kb1 Bf5+ 22. Ka1 Bc2 23. Qd5+ Kh8 24. Qd2 Qxd2 25. Rxd2 Bf5 26. Re1 Rfe8 27. Rxe8+ Rxe8 28. Rxd6 Re1+ 29. Kb2 Re2+ 30. Kc3 Rc2# 0-1

[Event "Oberliga Ost-A 1718"]
[Site "Germany"]
[Date "2018.03.18"]
[Round "9.7"]
[White "Richter, Claudius"]
[Black "Otikova, Elina"]
[Result "0-1"]
[WhiteElo "2047"]
[BlackElo "2054"]
[PlyCount "116"]
[EventDate "2017.10.22"]
[EventType "team-tourn"]
[EventRounds "11"]
[EventCountry "GER"]
[SourceTitle "EXT 2019"]
[Source "ChessBase"]
[SourceDate "2018.10.10"]
[SourceVersion "1"]
[SourceVersionDate "2018.10.10"]
[SourceQuality "1"]
[WhiteTeam "Dresden USV TU II"]
[BlackTeam "Loeberitz"]
[WhiteTeamCountry "GER"]
[BlackTeamCountry "GER"]

1. e4 e5 2. Nf3 Nc6 3. d4 exd4 4. Nxd4 Nf6 5. Nxc6 bxc6 6. e5 Qe7 7. Qe2 Nd5 8. c4 Ba6 9. b3 g6 10. Bb2 Bg7 11. Nd2 0-0 12. 0-0-0 d6 13. Qf3 Nb6 14. exd6 Bxb2+ 15. Kxb2 Qe5+ 16. Qc3 Qxc3+ 17. Kxc3 cxd6 18. Nf3 Rfd8 19. g3 Bb7 20. Bg2 c5 21. Nh4 d5 22. Kb2 Rab8 23. cxd5 Nxd5 24. Rd2 c4 25. bxc4 Ba6+ 26. Ka1 Nb4 27. Rxd8+ Rxd8 28. Kb2 Rc8 29. Bd5 Bxc4 30. Bxc4 Rxc4 31. Kb3 Rd4 32. Kc3 Re4 33. a3 Nd5+ 34. Kd3 Ra4 35. Ra1 Nc7 36. Kc3 Nb5+ 37. Kb3 Re4 38. Ra2 a5 39. Rd2 a4+ 40. Kb2 Rc4 41. Rd3 Re4 42. Rd2 Kg7 43. Ng2 Nd4 44. h3 Nf3 45. Rc2 h5 46. h4 Ne5 47. Kc3 Rc4+ 48. Kd2 Rxc2+ 49. Kxc2 Nc4 50. Kc3 Nxa3 51. Kb4 Nb1 52. Kxa4 Nc3+ 53. Kb4 Ne4 54. f4 Nxg3 55. Kc4 Kf6 56. Kd4 Kf5 57. Ke3 Kg4 58. Kf2 Nf5 0-1

[Event "LAT-chT"]
[Site "Riga"]
[Date "2017.11.18"]
[Round "2.3"]
[White "Otikova, Elina"]
[Black "Sveshnikov, Vladimir"]
[Result "1/2-1/2"]
[WhiteElo "2034"]
[BlackElo "2377"]
[PlyCount "92"]
[EventDate "2017.11.17"]
[EventType "team-swiss"]
[EventRounds "7"]
[EventCountry "LAT"]
[SourceTitle "CBM 181 Extra"]
[Source "ChessBase"]
[SourceDate "2017.12.12"]
[SourceVersion "1"]
[SourceVersionDate "2017.12.12"]
[SourceQuality "1"]
[WhiteTeam "Rigas Saha School Nakotne"]
[BlackTeam "Termo Eko/RSF"]
[WhiteTeamCountry "LAT"]
[BlackTeamCountry "LAT"]

1. e4 c6 2. d4 d5 3. Nd2 dxe4 4. Nxe4 Bf5 5. Ng3 Bg6 6. h4 h6 7. f4 e6 8. Nf3 Nf6 9. h5 Bh7 10. Bd3 Bxd3 11. Qxd3 Bd6 12. Bd2 0-0 13. Ne5 c5 14. 0-0-0 Qc7 15. Ne4 Nxe4 16. Qxe4 cxd4 17. Qxd4 Bxe5 18. fxe5 Nc6 19. Qd6 Rac8 20. g4 Nxe5 21. Qxc7 Rxc7 22. Bf4 f6 23. Bxe5 fxe5 24. Rhe1 Rf2 25. Rd2 Rxd2 26. Kxd2 Rc5 27. Re4 Kf7 28. c4 Kf6 29. b4 Rc7 30. c5 b6 31. Rc4 bxc5 32. bxc5 e4 33. Ke3 Ke5 34. Rxe4+ Kd5 35. Kf4 Rf7+ 36. Ke3 e5 37. c6 Rc7 38. Ra4 Kxc6 39. Ke4 Kb5 40. Ra3 Re7 41. Rd3 a5 42. Rb3+ Ka4 43. Rd3 Re6 44. Kf5 Re7 45. Ke4 Kb5 46. Rb3+ Ka4 1/2-1/2

[Event "Erfurt op (Women)"]
[Site "Erfurt"]
[Date "2017.08.03"]
[Round "7"]
[White "Otikova, Elina"]
[Black "Reuter, Elisa"]
[Result "1-0"]
[WhiteElo "2054"]
[BlackElo "1648"]
[PlyCount "55"]
[EventDate "2017.07.31"]
[EventType "swiss"]
[EventRounds "9"]
[EventCountry "GER"]
[SourceTitle "CBM 179 Extra"]
[Source "ChessBase"]
[SourceDate "2017.08.23"]
[SourceVersion "1"]
[SourceVersionDate "2017.08.23"]
[SourceQuality "1"]

1. e4 c5 2. Nf3 Nc6 3. Nc3 g6 4. d4 cxd4 5. Nxd4 Bg7 6. Be3 Nf6 7. Bc4 Qa5 8. Nb3 Qb4 9. Qe2 Nxe4 10. 0-0 Nxc3 11. bxc3 Qxc3 12. Rad1 0-0 13. Nc5 d6 14. Ne4 Qa5 15. Ng5 Ne5 16. Bb3 h6 17. Ne4 Qc7 18. h4 a6 19. h5 Bg4 20. f3 Bf5 21. Ng3 Rad8 22. hxg6 Bxg6 23. f4 Nd7 24. f5 Bh7 25. Nh5 Nf6 26. Nxg7 Kxg7 27. Bd4 Qc8 28. Qxe7 1-0

[Event "EU-ch (Women) 18th"]
[Site "Riga"]
[Date "2017.04.20"]
[Round "9"]
[White "Otikova, Elina"]
[Black "Komiagina, Maria"]
[Result "1/2-1/2"]
[WhiteElo "2049"]
[BlackElo "2247"]
[PlyCount "118"]
[EventDate "2017.04.11"]
[EventType "swiss"]
[EventRounds "11"]
[EventCountry "LAT"]
[SourceTitle "CBM 177 Extra"]
[Source "ChessBase"]
[SourceDate "2017.04.27"]
[SourceVersion "1"]
[SourceVersionDate "2017.04.27"]
[SourceQuality "1"]

1. e4 c5 2. Nf3 e6 3. d4 cxd4 4. Nxd4 Nc6 5. Nc3 Qc7 6. Be3 a6 7. Bd3 Nf6 8. 0-0 b5 9. Nxc6 Qxc6 10. f3 Bc5 11. Qe1 d6 12. Kh1 e5 13. a4 b4 14. Nd5 Nxd5 15. exd5 Qc7 16. Bxc5 Qxc5 17. f4 0-0 18. fxe5 dxe5 19. Qxe5 Bb7 20. Rf4 a5 21. Qh5 g6 22. Qh6 f5 23. d6 Bd5 24. Rh4 Rf7 25. Qf4 Rd8 26. Re1 Qxd6 27. Qxd6 Rxd6 28. Kg1 f4 29. Rh3 Kg7 30. Bb5 Bc6 31. c3 f3 32. gxf3 bxc3 33. bxc3 Bxf3 34. Rf1 Rdf6 35. Rf2 g5 36. Be2 g4 37. Rg3 Bxe2 38. Rxe2 Rf4 39. h3 Rxa4 40. Rxg4+ Rxg4+ 41. hxg4 Rc7 42. Ra2 Rc5 43. Ra4 Kf6 44. Kf2 Kg5 45. Ke2 Rxc3 46. Rxa5+ Kxg4 47. Kf2 Rc2+ 48. Kg1 Rc3 49. Ra1 Kg3 50. Rb1 h5 51. Ra1 h4 52. Rb1 h3 53. Ra1 Re3 54. Rb1 Re4 55. Rb3+ Kg4 56. Rb1 Kh4 57. Ra1 Rg4+ 58. Kh1 Kg5 59. Ra5+ Kh4 1/2-1/2

[Event "EU-ch (Women) 18th"]
[Site "Riga"]
[Date "2017.04.13"]
[Round "3"]
[White "Otikova, Elina"]
[Black "Semenova, Elena"]
[Result "0-1"]
[WhiteElo "2049"]
[BlackElo "2212"]
[PlyCount "64"]
[EventDate "2017.04.11"]
[EventType "swiss"]
[EventRounds "11"]
[EventCountry "LAT"]
[SourceTitle "CBM 177 Extra"]
[Source "ChessBase"]
[SourceDate "2017.04.27"]
[SourceVersion "1"]
[SourceVersionDate "2017.04.27"]
[SourceQuality "1"]

1. e4 e5 2. Nf3 Nc6 3. Bb5 a6 4. Ba4 Nf6 5. 0-0 Be7 6. Re1 b5 7. Bb3 d6 8. c3 0-0 9. h3 Bb7 10. d4 Nd7 11. Nbd2 exd4 12. cxd4 Bf6 13. Nf1 Na5 14. Bc2 Re8 15. Ng3 g6 16. Bf4 c5 17. Rb1 cxd4 18. Nxd4 Rc8 19. Nde2 Nc4 20. Nd4 Qb6 21. Be3 Nxe3 22. fxe3 d5 23. Rf1 dxe4 24. Qg4 Bxd4 25. Qxd7 Bxe3+ 26. Kh1 Qc7 27. Rbd1 Qxd7 28. Rxd7 Rxc2 29. Rxb7 f5 30. Nxf5 gxf5 31. Rxf5 Rf8 32. g4 Rxf5 0-1

[Event "EU-ch (Women) 18th"]
[Site "Riga"]
[Date "2017.04.12"]
[Round "2"]
[White "Gara, Anita"]
[Black "Otikova, Elina"]
[Result "1-0"]
[WhiteElo "2354"]
[BlackElo "2049"]
[PlyCount "43"]
[EventDate "2017.04.11"]
[EventType "swiss"]
[EventRounds "11"]
[EventCountry "LAT"]
[SourceTitle "CBM 177 Extra"]
[Source "ChessBase"]
[SourceDate "2017.04.27"]
[SourceVersion "1"]
[SourceVersionDate "2017.04.27"]
[SourceQuality "1"]

1. e4 e5 2. Nf3 Nc6 3. Bb5 a6 4. Ba4 Nf6 5. Nc3 b5 6. Bb3 Bc5 7. d3 d6 8. Nd5 h6 9. c3 Bb7 10. Nxf6+ Qxf6 11. Bd5 0-0 12. g4 Kh7 13. g5 Qe7 14. gxh6 gxh6 15. Ng5+ Kh8 16. Qh5 Qf6 17. Nxf7+ Rxf7 18. Qxf7 Bxf2+ 19. Ke2 Qxf7 20. Bxf7 Kg7 21. Bd5 Bb6 22. Be3 1-0